LEADER 02733nam 2200421 450 001 9910141816103321 005 20230621140024.0 035 $a(CKB)2670000000409848 035 $a(oapen)https://directory.doabooks.org/handle/20.500.12854/90528 035 $a(EXLCZ)992670000000409848 100 $a20130908h20112011 fu| 0 101 0 $aeng 135 $aurbu#---uuuuu 181 $ctxt$2rdacontent 182 $cc$2rdamedia 183 $acr$2rdacarrier 200 00$aAfter appropriation$b[electronic resource] $eexplorations in intercultural philosophy and religion /$fedited by Morny Joy 210 $aCalgary$cUniversity of Calgary Press$d2011 210 1$aCalgary, Alberta :$cUniversity of Calgary Press,$d2011. 210 4$dİ2011 215 $a1 online resource (302 pages) $cdigital file(s) 311 $a1-55238-584-1 320 $aIncludes bibliographical references and index. 330 $a"After Appropriation is the first book to undertake a comprehensive study of questions in comparative philosophy and religion.While the division between the two disciplines of Religious Studies and Philosophy is commonplace in western academia, this bifurcation does not necessarily apply in non-western settings, where religion and philosophy tend to be integrated. As a result, when the disciplines are virtually mutually exclusive, as in the West, a full appreciation of non-Western approaches to either religion or philosophy is not easily attained, and distortions, such as appropriation, often occur. Within the last ten years, there has been a concerted effort on the part of a number of Western scholars to try to address these deficiencies and re-examine many ideas that have been misappropriated or otherwise excluded. These errors have resulted from a traditional approach where the religions and philosophies of non-Western peoples have been interpreted by reducing or manipulating their ideas and values to fit within Western concepts and categories. This project is conducted with full awareness of the post-colonial critique of such enterprises.One of the central questions addressed is how comparative philosophy and religion would change if the concepts and categories of non-Western philosophies and religions were taken as of equal importance." --back cover. 606 $aReligions 606 $aPhilosophy, Comparative 606 $aPhilosophy and religion 615 0$aReligions. 615 0$aPhilosophy, Comparative. 615 0$aPhilosophy and religion. 676 $a201.61 700 $aJoy$b Morny$4edt$0801791 702 $aJoy$b Morny 801 2$bUkMaJRU 906 $aBOOK 912 $a9910141816103321 996 $aAfter appropriation$93386022 997 $aUNINA LEADER 02005nam 2200565Ia 450 001 9910782238503321 005 20230511233344.0 010 $a1-281-80251-4 010 $a9786611802516 010 $a0-567-14724-X 035 $a(CKB)1000000000542228 035 $a(EBL)436527 035 $a(OCoLC)276358630 035 $a(SSID)ssj0000153684 035 $a(PQKBManifestationID)11163981 035 $a(PQKBTitleCode)TC0000153684 035 $a(PQKBWorkID)10393474 035 $a(PQKB)10274793 035 $a(MiAaPQ)EBC436527 035 $a(Au-PeEL)EBL436527 035 $a(CaPaEBR)ebr10250594 035 $a(CaONFJC)MIL180251 035 $a(EXLCZ)991000000000542228 100 $a19800825d1980 uy 0 101 0 $aeng 135 $aur|n|---||||| 181 $ctxt$2rdacontent 182 $cc$2rdamedia 183 $acr$2rdacarrier 200 14$aThe fate of King Saul $ean interpretation of a Biblical story /$fDavid M. Gunn 210 1$aSheffield, England :$cJSOT Press,$d1980. 215 $a1 online resource (182 pages) 225 1 $aJournal for the study of the Old Testament. Supplement series,$x0309-0787 ;$v14 300 $aDescription based upon print version of record. 311 0 $a0-905774-63-9 320 $aIncludes bibliography and indexes. 327 $aCONTENTS; PREFACE; Introduction: BIBLICAL STORY AND LITERARY CRITIC; PART ONE: SETTING THE SCENE; PART TWO: THE STORY; PART THREE: REFLECTIONS; NOTES, BIBLIOGRAPHY, INDEXES; Bibliography; Abbreviations; Index of Authors; Passages in Samuel; Subjects 410 0$aJournal for the study of the Old Testament.$pSupplement series ;$v14. 606 $aJews$xKings and rulers 615 0$aJews$xKings and rulers. 676 $a222.4092 676 $a222/.4092 700 $aGunn$b D. M$g(David M.)$0876991 801 0$bMiAaPQ 801 1$bMiAaPQ 801 2$bMiAaPQ 906 $aBOOK 912 $a9910782238503321 996 $aThe fate of King Saul$93678138 997 $aUNINA